000 00617nam a2200205Ia 4500
001 9014
003 GE_BSU
008 181216s||||||||xx |||||||||||||| ||und||
040 _cGE_BSU
080 _a821.353.1–32
100 _aკლდიაშვილი,სერგო
245 _aნოველები
245 _cრედ.ა.გაბესკირია.მხატვ.ი.ჯანაშვილი
260 _aთბილისი
260 _bსაბჭ.მწერალი
260 _c1960
300 _a392გვ.17სმ.
653 _aნოველები
942 _cBK
999 _c42319
_d42319